01725nam a2200385 a 4500001001000000003000500010005001700015008004100032010001100073011001100084040000900095090001000104100005000114245019900164260004100363500006000404502007900464502007700543590003700620590004000657590004000697590004000737650003500777650004500812650004300857700004500900856001600945856007000961901000701031942001001038942000601048999001901054952013101073952013501204000113588CHAP20220329144402.0170807s2017 mx a fsm |||||||spa d a110049 a111021 cCHAP aTesis1 aBolaños Velázquez, José Ángel913301310aUso de soluciones pulso y refrigeración en poscosecha de tallos florales de Trachelium caeruleum sp /h[En línea]cpor José Ángel Bolaños Velázquez y Alejandro González Calderón. aChapingo, Méx. :bEl autor,c2017. aPara ver el contenido del material haga clic en la liga aTesis (Agr. en Horticultura Protegida) -- UACH. Departamento de Fitotecnia aTesis (Ing. Agr. Esp. en Fitotecnia) -- UACH. Departamento de Fitotecnia aBATCHb00c20181121lUCH01h0759 aE6096MTMb05c20170807lUCH01h1325 aE6096MTMb05c20170807lUCH01h1330 aE6096MTMb05c20170807lUCH01h133014aFloresxPreservación.94140214aFloresxTecnología postcosecha.94140914aTemperaturaxEfecto en flores.91121911 aGonzález Calderón, Alejandro9133014 a1 n0000989 aFinding aiduhttp://10.13.5.2/tesis/sist113588.pdfzTeclea aquí aBK cTESIS n0 c110049d110049 00104054718TESISaBCbBCd2017-08-07fTESISl0oTesisp113590-10r2019-12-31 00:00:00w2019-12-31yTESISzRecien adquirido 00102local4053708TESISaBCbBCcPA_TESISd2017-08-07fTESISl0oTesisp113590-20r2019-12-31 00:00:00tc.2w2019-12-31yTESIS